<?xml version="1.0" encoding="UTF-8"?>
<collection xmlns="http://www.loc.gov/MARC21/slim">
<record>
  <controlfield tag="001">7437</controlfield>
  <controlfield tag="005">20250125141606.0</controlfield>
  <datafield tag="024" ind1="7" ind2=" ">
    <subfield code="a">10.20396/td.v20i00.8674120</subfield>
    <subfield code="2">DOI</subfield>
  </datafield>
  <datafield tag="037" ind1=" " ind2=" ">
    <subfield code="a">SCART-2025-0078</subfield>
  </datafield>
  <datafield tag="100" ind1=" " ind2=" ">
    <subfield code="a">Couto, Victor Hugo</subfield>
  </datafield>
  <datafield tag="245" ind1=" " ind2=" ">
    <subfield code="a">A narrative review of Brazilian and Portuguese students’ perceptions and conceptions about climate change.</subfield>
  </datafield>
  <datafield tag="260" ind1=" " ind2=" ">
    <subfield code="c">2024</subfield>
  </datafield>
  <datafield tag="520" ind1=" " ind2=" ">
    <subfield code="a">IntroductionandObjective.  This  narrative  review  aims  to  analyze  the  understanding  of  Brazilian  and  Portuguese  students  about  climate  change  through  the  synthesis  and  discussion  of  the  literature.  Methodology.  A  mapping  of  misconceptions  was  carried  out  through  bibliographic  review  with  the  target  audience being final years of basic and high school education to the initial years of university (approximately 14 to 21 years old). Results. It was observed that nearly all misconceptions were shared, except for two that were exclusive to each country. Hypotheses were thus raised about the current stage of environmental education, incidence of misconceptions, national curricula, and teaching practices. Conclusion.Overall, more similarities than differences were found in the challenges faced by students  (and  teachers),  which  brings  interesting  discussions  for  both  countries  given their closely intertwined history, yet distinct realities</subfield>
  </datafield>
  <datafield tag="594" ind1=" " ind2=" ">
    <subfield code="a">NO</subfield>
  </datafield>
  <datafield tag="700" ind1=" " ind2=" ">
    <subfield code="a">Gonçalves, Pedro</subfield>
  </datafield>
  <datafield tag="700" ind1=" " ind2=" ">
    <subfield code="a">Sermeus, Jan</subfield>
  </datafield>
  <datafield tag="773" ind1=" " ind2=" ">
    <subfield code="p">Terrae Didatica</subfield>
    <subfield code="v">20</subfield>
    <subfield code="y">2024</subfield>
  </datafield>
  <datafield tag="856" ind1="0" ind2=" ">
    <subfield code="f">jan.sermeus@ksb-orb.be</subfield>
  </datafield>
  <datafield tag="856" ind1="4" ind2=" ">
    <subfield code="s">486808</subfield>
    <subfield code="u">http://publi2-as.oma.be/record/7437/files/2024_Couto_narrative_review_CC_conceptions.pdf</subfield>
  </datafield>
  <datafield tag="856" ind1="4" ind2=" ">
    <subfield code="s">21537</subfield>
    <subfield code="u">http://publi2-as.oma.be/record/7437/files/2024_Couto_narrative_review_CC_conceptions.gif?subformat=icon</subfield>
    <subfield code="x">icon</subfield>
  </datafield>
  <datafield tag="856" ind1="4" ind2=" ">
    <subfield code="s">23243</subfield>
    <subfield code="u">http://publi2-as.oma.be/record/7437/files/2024_Couto_narrative_review_CC_conceptions.jpg?subformat=icon-180</subfield>
    <subfield code="x">icon-180</subfield>
  </datafield>
  <datafield tag="905" ind1=" " ind2=" ">
    <subfield code="a">published in</subfield>
  </datafield>
  <datafield tag="980" ind1=" " ind2=" ">
    <subfield code="a">REFERD</subfield>
  </datafield>
</record>
</collection>